| 000 | 00595 a2200229 4500 | ||
|---|---|---|---|
| 005 | 20260129111611.0 | ||
| 008 | 260128b |||||||| |||| 00| 0 eng d | ||
| 020 |
_a9780443284885 _c$ 92.99 |
||
| 040 | _aMAIN | ||
| 082 |
_a616.07 _bK549H(6) |
||
| 100 | _aKierszenbaum, Abraham L | ||
| 245 | _aHistology and cell biology: An introduction to pathology | ||
| 250 | _a6th | ||
| 260 |
_bElsiver _c2026 _aPhiladelphia |
||
| 300 | _axvi, 805 | ||
| 650 | _aHuman Histology | ||
| 650 | _aCell Biology | ||
| 650 | _aCytology | ||
| 650 | _aHistology | ||
| 700 | _aTres, Laura L | ||
| 942 | _cBK | ||
| 999 |
_c393757 _d393757 |
||